Top 100 Denver Broncos of All Time - Statistics

General Stats
  • This quiz has been taken 102 times
  • The average score is 28 of 100
Answer Stats
Position Player % Correct
QB John Elway
97%
QB Peyton Manning
95%
LB Von Miller
90%
RB Terrell Davis
89%
TE Shannon Sharpe
87%
WR Demaryius Thomas
76%
WR Rod Smith
73%
S Dennis Smith
72%
TE Julius Thomas
72%
DL Neil Smith
72%
DE Paul Smith
72%
CB Champ Bailey
71%
S Steve Atwater
70%
LB DeMarcus Ware
57%
RB/FB Mike Anderson
57%
WR Emmanuel Sanders
54%
CB Aqib Talib
49%
CB Chris Harris
48%
LB Al Wilson
46%
RB Floyd Little
46%
WR Mark Jackson
46%
DL Rich Jackson
46%
LB Tom Jackson
46%
QB Charley Johnson
44%
WR Vance Johnson
44%
QB Jake Plummer
43%
DE Rulon Jones
42%
OT Tony Jones
42%
K Jason Elam
39%
DL/LB Karl Mecklenburg
39%
QB Tim Tebow
39%
S John Lynch
38%
RB Clinton Portis
37%
LB Randy Gradishar
37%
LB/DL Alfred Williams
35%
LB D.J. Williams
35%
WR Ed McCaffrey
35%
QB Jay Cutler
35%
K Matt Prater
35%
S T.J. Ward
35%
WR Eric Decker
34%
S Brian Dawkins
33%
DE/LB Elvis Dumervil
28%
WR Brandon Marshall
27%
QB Craig Morton
24%
DE Derek Wolfe
24%
OG Gary Zimmerman
23%
CB Louis Wright
22%
LB Bill Romanowski
20%
OG Mark Schlereth
19%
OT Ryan Clady
18%
CB Willie Brown
18%
C Tom Nalen
16%
QB Frank Tripucka
15%
DE Lyle Alzado
14%
TE Riley Odoms
14%
DB Billy Thompson
13%
K Jim Turner
13%
WR Eddie Royal
11%
WR/ST Rick Upchurch
11%
RB Sammy Winder
11%
WR Steve Watson
11%
WR Ricky Nattiel
10%
DE Simon Fletcher
10%
S Steve Foley
10%
K Rich Karlis
9%
S Tyrone Braxton
9%
WR Haven Moses
8%
WR Lionel Taylor
8%
RB Otis Armstrong
8%
P Tom Rouen
8%
DL Trevor Pryce
8%
DE Barney Chavous
6%
RB Bobby Humphrey
6%
NT Greg Kragen
6%
LB John Mobley
6%
OG Keith Bishop
6%
DL Rubin Carter
6%
LB Bob Swenson
5%
OG Chris Kuper
5%
TE/OL Dwayne Carswell
5%
HB/ST Gene Mingo
5%
DB Mike Harden
5%
OG Paul Howard
5%
CB Ray Crockett
5%
C Billy Bryan
4%
TE Clarence Kay
4%
OT Dave Studdard
4%
RB Gerald Willhite
4%
OT Ken Lanier
4%
OL Matt Lepsis
4%
S Goose Gonsoulin
3%
LB Ian Gold
3%
LB Jim Ryan
3%
DL Maa Tanuvasa
3%
QB Marlin Briscoe
3%
LB Glenn Cadrez
1%
LB Keith Burns
1%
RB Steve Sewell
1%
DL Shane Dronett
0%
No matching quizzes found
Score Distribution
Percent of People with Each Score
Percentile by Number Answered
Your Score History
You have not taken this quiz